Central Library OPAC University of Rajshahi

Paper chromatography : (Record no. 9751)

MARC details
000 -LEADER
fixed length control field 00758nam a2200253 a 4500
001 - CONTROL NUMBER
control field 9751
003 - CONTROL NUMBER IDENTIFIER
rucl marc code BD-RjUL
005 - DATE AND TIME OF LATEST TRANSACTION
control field 20211208234830.0
008 - FIXED-LENGTH DATA ELEMENTS--GENERAL INFORMATION
fixed length control field 170511s1963 xx a 000 0 eng
035 ## - SYSTEM CONTROL NUMBER
System control number (BD-RjUL)9796
040 ## - CATALOGING SOURCE
Original cataloging agency DLC
Transcribing agency DNLM
Modifying agency ODaWU
-- OCoLC
-- Uk
-- DLC
-- BD-RjUL
Language of cataloging eng
041 1# - LANGUAGE CODE
Language code of text/sound track or separate title engund
060 0# - NATIONAL LIBRARY OF MEDICINE CALL NUMBER
Classification number QD 271
Item number H153p 1963
082 04 - DEWEY DECIMAL CLASSIFICATION NUMBER
Edition number 23
Classification number 543.8
Author mark and year PAP 1963
245 10 - TITLE STATEMENT
Title Paper chromatography :
Remainder of title A comprehensive treatise /
Statement of responsibility, etc. ed. by I. M. Hais and K. Macek.
250 ## - EDITION STATEMENT
Edition statement 3d ed.
260 ## - PUBLICATION, DISTRIBUTION, ETC. (IMPRINT)
Place of publication, distribution, etc. Prague :
Name of publisher, distributor, etc. Czechoslovak Academy of Sciences,
Date of publication, distribution, etc. 1963.
300 ## - PHYSICAL DESCRIPTION
Pagination 955 p. :
Illustrations ill. ;
Size 26 cm.
650 #0 - SUBJECT ADDED ENTRY--TOPICAL TERM
Topical term or geographic name as entry element Chromatography.
9 (RLIN) 29989
700 1# - ADDED ENTRY--PERSONAL NAME
Personal name Hais, I. M.
Personal name Macek, Karel.
942 ## - ADDED ENTRY ELEMENTS (KOHA)
Source of classification or shelving scheme Dewey Decimal Classification
Koha item type Books
Holdings
Lost status Source of classification or shelving scheme Damaged status Not for loan Collection code Permanent Location Current Location Shelving location Date acquired Source of acquisition Cost, normal purchase price Total Checkouts Full call number Date last seen Copy number Koha item type
  Dewey Decimal Classification     Non-fiction Central Library, University of Rajshahi Central Library, University of Rajshahi   23/08/1969 Zeitlinger 251.60   543.8 PAP 1963 21/01/2014 C-2 Books
  Dewey Decimal Classification   Not For Loan Non-fiction Central Library, University of Rajshahi Central Library, University of Rajshahi Reading Room 23/08/1969 Zeithinger 251.00   543.8 PAP 1963 11/05/2017 C-1 Books
  Dewey Decimal Classification     Non-fiction Central Library, University of Rajshahi Central Library, University of Rajshahi   23/08/1969 Zeithinger 251.00   543.8 PAP 1963 11/05/2017 C-3 Books
  Dewey Decimal Classification     Non-fiction Central Library, University of Rajshahi Central Library, University of Rajshahi   23/08/1969 Zeithinger 251.00   543.8 PAP 1963 11/05/2017 C-4 Books